| 000 | 01429cam a2200289zu 4500 | ||
|---|---|---|---|
| 001 | 10236443 | ||
| 003 | FRCYB10236443 | ||
| 005 | 20251020123558.0 | ||
| 006 | m o d | ||
| 007 | cr un | ||
| 008 | 251020s2005 fr | o|||||0|0|||eng d | ||
| 020 | _a9780471691891 | ||
| 035 | _aFRCYB10236443 | ||
| 040 |
_aFR-PaCSA _ben _c _erda |
||
| 100 | 1 | _aAltman, Edward I. | |
| 245 | 0 | 1 |
_aCorporate Financial Distress and Bankruptcy _bPredict and Avoid Bankruptcy, Analyze and Invest in Distressed Debt _c['Altman, Edward I.', 'Hotchkiss, Edith'] |
| 264 | 1 |
_bJohn Wiley & Sons _c2005 |
|
| 300 | _a p. | ||
| 336 |
_btxt _2rdacontent |
||
| 337 |
_bc _2rdamdedia |
||
| 338 |
_bc _2rdacarrier |
||
| 650 | 0 | _a | |
| 700 | 0 | _aAltman, Edward I. | |
| 700 | 0 | _aHotchkiss, Edith | |
| 856 | 4 | 0 |
_2Cyberlibris _uhttps://international.scholarvox.com/netsen/book/10236443 _qtext/html _a |
| 520 | _aA comprehensive look at the enormous growth and evolution of distressed debt, corporate bankruptcy, and credit risk default This Third Edition of the most authoritative finance book on the topic updates and expands its discussion of corporate distress and bankruptcy, as well as the related markets dealing with high-yield and distressed debt, and offers state-of-the-art analysis and research on the costs of bankruptcy, credit default prediction, the post-emergence period performance of bankrupt firms, and more. | ||
| 999 |
_c1554665 _d1554665 |
||